| 000 | 00993nam a2200301 a 4500 | ||
|---|---|---|---|
| 001 | 000107852 | ||
| 003 | CHAP | ||
| 005 | 20220329143946.0 | ||
| 008 | 131111s2011 fr a |r| |||||||spa d | ||
| 010 | _a104314 | ||
| 011 | _a105286 | ||
| 020 | _a9786070227622 | ||
| 040 | _cCHAP | ||
| 082 | 0 | 4 |
_a338.542 _bK26 |
| 100 | 1 |
_aKeeley, Brian _9124586 |
|
| 245 | 1 | 0 |
_aDe la crisis a la recuperación : _bcausas, desarrollo y consecuencias de la gran recesión / _cpor Brian Keeley y Patrick Love. |
| 260 |
_aParís : _bUNAM. Instituto de Investigaciones Económicas _bOCDE, _cc2011. |
||
| 300 |
_a157 p. : _bil., gráfs. |
||
| 490 | 1 | _aEsenciales OCDE | |
| 534 |
_pTít. original : _tFrom crisis to recovery: the causes, course and consequences of the great recession |
||
| 590 |
_aE6096MTM _b05 _c20131111 _lUCH01 _h1453 |
||
| 650 | 1 | 4 |
_aCrisis económica. _928975 |
| 700 | 1 |
_aLove, Patrick _9124587 |
|
| 830 | 0 |
_aEsenciales OCDE _9124589 |
|
| 901 | _aBK | ||
| 942 | _cLIBRO | ||
| 942 | _n0 | ||
| 999 |
_c104314 _d104314 |
||